[Event "Val Maubuee op"]
[Site "Val Maubuee"]
[Date "1988.??.??"]
[Round "?"]
[White "Scarwell, Sebastien"]
[Black "Jullian, A."]
[Result "1-0"]
[WhiteElo "1610"]
[BlackElo "1610"]
[PlyCount "46"]
[EventDate "1988.??.??"]
[EventType "swiss"]
[EventRounds "9"]
[EventCountry "FRA"]
[SourceTitle "EXT 1997"]
[Source "ChessBase"]
[SourceDate "1996.11.15"]
[SourceVersion "1"]
[SourceVersionDate "1996.11.15"]
[SourceQuality "1"]

1. e4 c5 2. Nf3 d6 3. d4 cxd4 4. Nxd4 Nf6 5. Bb5+ Bd7 6. Bxd7+ Nbxd7 7. Nc3 Qa5 8. 0-0 Nc5 9. Re1 e5 10. Nf5 Rd8 11. Bg5 Na4 12. Bxf6 Nxc3 13. Bxd8 Qxd8 14. bxc3 g6 15. Ng3 h5 16. Rb1 Qc8 17. Qd5 h4 18. Ne2 b6 19. a4 Qc5 20. Qxc5 dxc5 21. a5 Bd6 22. axb6 axb6 23. Rxb6 Kd7 1-0